000 00855nam a22002177a 4500
005 20150909020002.0
008 131112s2011 ck a gr 00010 spa d
020 _z9789588323398
041 0 _aspa
082 0 4 _a631.4098
_bI24e
110 2 _aInstituto Geográfico Agustín Codazzi
_924775
245 1 0 _aEstudio general de suelos y zonificación de tierras, departamento del Chocó escala 1:100.000 /
_cIGAC
260 _aBogotá
_bImprenta Nacional de Colombia,
_c2011.
300 _a330 p. :
_bil. ;
_c28 cm. +
_e1 CD-Rom + 2 mapas plegables.
504 _aIncluye bibliografía.
650 4 _aSuelos
_x Clasificación
_z Chocó (Colombia)
_924776
650 4 _aUso de la tierra
_z Chocó (Colombia)
_924777
650 4 _aClimatología
_z Chocó (Colombia)
_924778
650 4 _aQuímica de suelos
_z Chocó (Colombia)
_924779
942 _2ddc
_cImpreso
_01
999 _c8531
_d8531